000 00870nam a2200301Ia 4500
001 22619
003 IT-RoPAU
008 130308s9999 xx 000 0 und d
040 _aIT-RoPAU
040 _cIT-RoPAU
041 _aITALIANO
100 _aArtaud Antonin
100 _gCodice Aut. SPICS: 9778
245 2 _aA propos du cinema-Scritti di cinema
245 _bA Propos Du Cinema-Scritti di Cinema
250 _a1a ed.
260 _aFIRENZE
260 _bLiberoscambio
260 _c1981 [1° Ed.:1981 - Ed.Ling.Originale:1961]
300 _a"152 p. (prefazione: no ; testo: 152)"
500 _aLa Conchiglia e L'Ecclesiastico Cinema e Realtà Il signore di Ballantrae di Stevenson Germaine Dulac
650 _aTEORICHE CINEMATOGRAFICHE
650 _eCodice materia Spics: 6805
942 _cBK
957 _71
999 _c71097
_d71097
999 _bSI
999 _g1